IFM Opac

Price and Quantities (Record no. 17965)

MARC details
000 -LEADER
fixed length control field 00351nam a22001457a 4500
020 ## - INTERNATIONAL STANDARD BOOK NUMBER
International Standard Book Number 0631128980
082 ## - DEWEY DECIMAL CLASSIFICATION NUMBER
Classification number 339.42 OKU
100 ## - MAIN ENTRY--PERSONAL NAME
Personal name OKUN, A.M.
245 ## - TITLE STATEMENT
Title Price and Quantities
260 ## - PUBLICATION, DISTRIBUTION, ETC.
Place of publication, distribution, etc. Oxford
Name of publisher, distributor, etc. Basil Blackwell
Date of publication, distribution, etc. 1981
300 ## - PHYSICAL DESCRIPTION
Extent xiii; 367p.
Other physical details ill; 23cm.
500 ## - GENERAL NOTE
General note Include; Index.
650 ## - SUBJECT ADDED ENTRY--TOPICAL TERM
Topical term or geographic name entry element A Macroeconomic Analysis
942 ## - ADDED ENTRY ELEMENTS (KOHA)
Koha item type Books
Holdings
Withdrawn status Lost status Damaged status Not for loan Collection code Home library Current library Shelving location Date acquired Source of acquisition Total Checkouts Full call number Barcode Date last seen Price effective from Koha item type
        Non-fiction IFM Main Campus Library IFM Main Campus Library Archival Collection 09/03/2021 Purchase   339.42 OKU 0000008624 08/09/2017 02/19/2022 Books